Представление документа в формате RUSMARC

ПолеНазваниеЗначение
  Тип записи a
  Библиографический уровень c
001 Контрольный номер RU/SLIB/B/208751972
005 Дата корректировки 20231114141800.4
010 Индекс ISBN __
d Цена 0-75
101 Язык документа 0_
a Язык текста rus
200 Заглавие и сведения об ответственности 1_
a Заглавие Люди, события, памятники
e Сведения, относящиеся к заглавию рассказы о памятниках и мемориалах : кн. для учащихся ст. кл.
f Первые сведения об ответственности Воронов Н.
b Общее обозначение материала Текст
210 Выходные данные 1_
a Место издания М.
c Издательство Просвещение
d Дата издания 1984
215 Физическое описание __
a Объем 208 с.
c Иллюстрации/тип воспроизводства ил.
330 Аннотация __
a Аннотация Автор знакомит с историей создания и художественным своеобразием памятников и мемориалов нашей страны. Среди памятников, о которых рассказывает автор,- мемориалы на Мамаевом кургане и в Хатыни, памятники героям революции и гражданской войны в Москве, Ленинграде, других городах. Книга призвана содействовать идейно-политическому и патриотическому воспитанию школьников, знакомить их с одним из интереснейших разделов советского изобразительного искусства.
606 Тематические рубрики __
a Основная рубрика Изобразительное искусство и архитектура
606 Тематические рубрики __
a Основная рубрика История скульптуры
610 Ключевые слова 0_
a Ключевые слова мемориалы; памятники; персоналии; скульпторы; скульптуры; детская литература; познавательная литература; история памятников; художественное своеобразие
686 Индексы других классификаций __
a Классификационный индекс 85.136.1(2); ст85.13
700 Автор _1
a Фамилия Воронов
b Имя Н.
4 Код отношения 070
801 Источник записи _0
a Страна RU
b Организация Муниципальное бюджетное учреждение культуры "Централизованная библиотечная система" г. Сургут (Центральная городская библиотека им. А. С. Пушкина)
g Правила каталогизации КиК/Михайлова
801 Источник записи _1
a Страна RU
b Организация Муниципальное бюджетное учреждение культуры "Централизованная библиотечная система" г. Сургут (Центральная городская библиотека им. А. С. Пушкина)
g Правила каталогизации КиК/Михайлова
852 Данные о местонахождении __
j Шифр хранения 85.136.1(2)
c Каталожный индекс 85.133(2)6
i Авторский знак В 75
p Инвентарный номер 20735
901 Тип документа __
t Тип документа x
969 Тип издания __
a Тип издания сборник
990 Данные о заказе (DOS) __
j Количество экземпляров (DOS) 3
t N записи в КСУ для И/У (DOS) 199101